En defensa del Gandesa y Falset
Descripción Física:
15 p. ; 21 cm
Materias:
Planificació regional -- Terra Alta
MARC
| LEADER | 00000nam a2200000Ia 4500 | ||
|---|---|---|---|
| 001 | 16047 | ||
| 008 | 160829s1927 xx 000 0 cat d | ||
| 080 | |a RF-14-21 | ||
| 245 | |a En defensa del Gandesa y Falset | ||
| 260 | |a [S.l. : |b s.n.], |c 1927 | ||
| 300 | |a 15 p. ; |c 21 cm | ||
| 590 | |a A la part superior de la portada: Por la justicia y el derecho. | ||
| 590 | |a A la part inferior de la portada: 27 abril de 1927. | ||
| 590 | |a Prové de 3853, exp. 2 | ||
| 650 | |a Planificació regional |x Terra Alta |9 46966 | ||
| 856 | 4 | |u https://media.diba.cat/diba/fitxers/arxiu/fulletons/bib_16047_1927_baixa.pdf |y Accés lliure | |
| 856 | 4 | |u https://media.diba.cat/diba/fitxers/arxiu/fulletons/bib_16047_1927_baixa.pdf |y Accés lliure | |
| 901 | |a Arxiu | ||
| 942 | |n 1 |2 udc | ||
| 952 | |0 0 |1 0 |4 0 |6 RF1421 |7 1 |9 53567 |a Arxiu |b Arxiu |d 2016-12-01 |l 0 |o RF-14-21 |p 16047 |r 2016-12-01 00:00:00 |w 2016-12-01 |y ARXIU | ||
| 999 | |c 57433 |d 57433 | ||
| 900 | |a bib_16047_1927_baixa.pdf | ||